01414nam a2200349 a 4500001001000000003000500010005001700015008004100032010001100073011001100084040000900095090001000104100003300114245007400147260004100221500006000262502006900322590004100391590004000432590004000472650005000512650004500562650003000607650004900637856007000686901000700756942001000763942000600773999001900779952013100798952013500929000113176CHAP20220329144342.0170509s2016 mx a fsm |||||||spa d a109637 a110609 cCHAP aTesis1 aCruz Tirzo, Agustina913213310aPinetum Maximino Martínez /h[En línea]cpor Agustina Cruz Tirzo. aChapingo, Méx. :bEl autor,c2016. aPara ver el contenido del material haga clic en la liga aTesis (Ing. Forestal) -- UACH. División de Ciencias Forestales aE11695DGDb10c20170511lUCH01h0937 aE8697GMMb05c20170509lUCH01h1322 aE8697GMMb05c20170509lUCH01h133514aMétodos de mejoramiento genético.912566914aPinoxAnatomía y fisiología.912731514aPinoxVariedades.912731614aPlantación forestalxMejoramiento.9132151 aFinding aiduhttp://10.13.5.2/tesis/sist113176.pdfzTeclea aquí aBK cTESIS n0 c109637d109637 00104054718TESISaBCbBCd2017-05-09fTESISl0oTesisp113178-10r2019-12-31 00:00:00w2019-12-31yTESISzRecien adquirido 00102local4053708TESISaBCbBCcPA_TESISd2017-05-09fTESISl0oTesisp113178-20r2019-12-31 00:00:00tc.2w2019-12-31yTESIS